Wonders of the world. (Record no. 115137)
[ view plain ]
| 000 -LEADER | |
|---|---|
| fixed length control field | 00401nam a2200145 a 4500 |
| 005 - DATE AND TIME OF LATEST TRANSACTION | |
| control field | 20140414132123.0 |
| 008 - FIXED-LENGTH DATA ELEMENTS--GENERAL INFORMATION | |
| fixed length control field | 140220s19uu xx 00 eng d |
| 020 ## - INTERNATIONAL STANDARD BOOK NUMBER | |
| International Standard Book Number | 9781849562072 |
| 050 ## - LIBRARY OF CONGRESS CALL NUMBER | |
| Classification number | REF 917.304 |
| Item number | Wo81 2010 |
| 245 ## - TITLE STATEMENT | |
| Title | Wonders of the world. |
| 260 ## - PUBLICATION, DISTRIBUTION, ETC. (IMPRINT) | |
| Place of publication, distribution, etc | Pasig, Philippines : |
| Name of publisher, distributor, etc | WS Pacific Publications, Inc, |
| Date of publication, distribution, etc | c2010. |
| 440 ## - SERIES STATEMENT/ADDED ENTRY--TITLE | |
| Title | Focus on |
| 650 ## - SUBJECT ADDED ENTRY--TOPICAL TERM | |
| Topical term or geographic name as entry element | Natural history |
| Withdrawn status | Lost status | Damaged status | Home library | Current library | Shelving location | Date acquired | Source of acquisition | Total Checkouts | Full call number | Barcode | Date last seen | Price effective from | Koha item type |
|---|---|---|---|---|---|---|---|---|---|---|---|---|---|
| Munich Library | Munich Library | Reference Section | 02/20/2014 | REF 917.304 Wo81 2010 | M7140 | 04/14/2014 | 04/14/2014 | Books |